Nový rozmer dôchodkovej reformy Slovenskej republiky v európskom kontexte

Východiská a typy dôchodkových systémov. Žiaduce reformné kroky. Prepojenie sociálnej ochrany a inštitucionálnych zmien. Prístupy k dôchodkovým reformám vyspelých krajín. Princípy fungovania reformovaného dôchodkového systému v SR. Problémové otázky dôchodkovej reformy.

Guardado en:
Detalles Bibliográficos
Autor principal: Rievajová, Eva
Otros Autores: Alexy, Július, 1926-2024
Formato: Capítulo de libro
Lenguaje:eslovaco
Materias:
Etiquetas: Agregar Etiqueta
Sin Etiquetas, Sea el primero en etiquetar este registro!

MARC

LEADER 00000naa$a2200000$$$4500
001 0051059
005 20240502083135.3
041 0 |a slo 
044 |a CZ 
245 1 0 |a Nový rozmer dôchodkovej reformy Slovenskej republiky v európskom kontexte  |c Eva Rievajová, Július Alexy 
520 |a Východiská a typy dôchodkových systémov. Žiaduce reformné kroky. Prepojenie sociálnej ochrany a inštitucionálnych zmien. Prístupy k dôchodkovým reformám vyspelých krajín. Princípy fungovania reformovaného dôchodkového systému v SR. Problémové otázky dôchodkovej reformy. 
610 2 0 |a reformy dôchodkové 
610 2 0 |a systémy dôchodkové 
610 2 0 |a Slovensko 
610 2 0 |a Európska únia 
610 2 0 |a politika sociálna 
610 2 0 |a starostlivosť sociálna 
610 2 0 |a zabezpečenie sociálne 
100 1 |a Rievajová, Eva 
700 1 |a Alexy, Július, 1926-2024